El arte griego: Introducción a su historia.

Guardat en:
Dades bibliogràfiques
Autor principal: Robertson, Martin (autor)
Format: Llibre
Idioma:espanyol
Publicat: Madrid, España: Alianza Editorial, 1985.
Edició:Primera edición.
Col·lecció:Alianza Forma,
Matèries:
Etiquetes: Afegir etiqueta
Sense etiquetes, Sigues el primer a etiquetar aquest registre!

MARC

LEADER 00000nam a2200000 a 4500
001 UCX2974
003 CL-VaPUC
005 20250321101904.0
008 910910e19850000SP |||||||||||||||||spa|d
999 |c 223867  |d 223865 
020 |a 84-206-7050-2 
040 |c Pontificia Universidad Católica de Valparaíso 
082 0 4 |a 709.012 ROB 1985  |2 21 
100 0 |a Robertson, Martin  |e autor  |9 319102 
245 1 3 |a El arte griego:  |b Introducción a su historia. 
250 |a Primera edición. 
260 |a Madrid, España:  |b Alianza Editorial,  |c 1985. 
300 |a 434 páginas. 
490 0 |a Alianza Forma,  |n  50. 
500 |a c.2-c.5 Instituto Arcos. 08-01-2025. 
583 |a last modification  |c 19910910 00:00:00  |k Rodrigo Vera 
650 0 |a Arte griego   |v Historia   |9 319103 
650 0 |a Arte  |9 265238  |z Antigua Grecia 
942 |c BK  |2 ddc  |n 0 
945 |d 19910910 00:00:00 
952 |0 0  |1 0  |4 0  |6 709_012000000000000_ROB_1985  |7 0  |8 X  |9 220094  |a BIBHIS  |b BIBHIS  |d 2019-11-15  |i 2887649  |o 709.012 ROB 1985  |p 2887649  |r 2024-01-30  |w 2019-11-15  |y BK_X  |k HIS 
952 |0 0  |1 0  |2 ddc  |4 0  |6 709_012000000000000_ROB_1985  |7 0  |8 A  |9 598983  |a BIBINC  |b BIBINC  |d 2025-01-08  |e Instituto Arcos  |i 5663924  |o 709.012 ROB 1985  |p 5663924  |r 2025-01-08  |t 2  |w 2025-01-08  |y BK  |k IFP 
952 |0 0  |1 0  |2 ddc  |4 0  |6 709_012000000000000_ROB_1985  |7 0  |8 A  |9 598984  |a BIBINC  |b BIBINC  |d 2025-01-08  |e Instituto Arcos  |i 5663925  |o 709.012 ROB 1985  |p 5663925  |r 2025-01-08  |t 3  |w 2025-01-08  |y BK  |k IFP 
952 |0 0  |1 0  |2 ddc  |4 0  |6 709_012000000000000_ROB_1985  |7 0  |8 A  |9 598985  |a BIBINC  |b BIBINC  |d 2025-01-08  |e Instituto Arcos  |i 5663926  |o 709.012 ROB 1985  |p 5663926  |r 2025-01-08  |t 4  |w 2025-01-08  |y BK  |k IFP 
952 |0 0  |1 0  |2 ddc  |4 0  |6 709_012000000000000_ROB_1985  |7 0  |8 A  |9 598986  |a BIBINC  |b BIBINC  |d 2025-01-08  |e Instituto Arcos  |i 5663927  |l 1  |m 2  |o 709.012 ROB 1985  |p 5663927  |r 2025-04-14  |s 2025-03-19  |t 5  |w 2025-01-08  |y BK  |k IFP